00285nam a2200121Ia 4500008004100000041000900041082001900050100002100069245002100090260003600111300000800147650000800155230718s9999 xx 000 0 und d aEng. a343.055bKHO-C aKhorkhar, Anwer  0aCivil law digest aPakistanbPakistan Lahorec2018 a626 aLaw